[Event "AUT-chT 1617"]
[Site "Austria"]
[Date "2016.10.21"]
[Round "2.6"]
[White "Deglmann, Ludwig"]
[Black "Zorko, Jure"]
[Result "1/2-1/2"]
[WhiteElo "2304"]
[BlackElo "2463"]
[PlyCount "95"]
[EventDate "2016.10.20"]
[EventType "team-tourn"]
[EventRounds "11"]
[EventCountry "AUT"]
[SourceTitle "CBM 175 Extra"]
[Source "ChessBase"]
[SourceDate "2016.12.12"]
[SourceVersion "1"]
[SourceVersionDate "2016.12.12"]
[SourceQuality "1"]
[WhiteTeam "Absam"]
[BlackTeam "Raika Feffernitz"]
[WhiteTeamCountry "AUT"]
[BlackTeamCountry "AUT"]

1. d4 Nf6 2. c4 e6 3. Nc3 Bb4 4. e3 0-0 5. Nge2 c6 6. a3 Ba5 7. Bd2 d5 8. Ng3 Nbd7 9. Be2 dxc4 10. Bxc4 e5 11. Nce2 exd4 12. Bxa5 Qxa5+ 13. b4 Qc7 14. Nxd4 c5 15. Rc1 a6 16. bxc5 Nxc5 17. 0-0 Qe5 18. Qc2 b6 19. Rfe1 Bd7 20. Nf3 Qe7 21. e4 Be6 22. e5 Nfd7 23. Nd4 g6 24. f4 Qh4 25. Qd2 Bxc4 26. Rxc4 Rfe8 27. Nf3 Qh6 28. Qe2 f6 29. Rd4 Qg7 30. Qa2+ Qf7 31. Qxf7+ Kxf7 32. Ne4 fxe5 33. fxe5 Kg7 34. Nxc5 Nxc5 35. Rd6 Rab8 36. e6 Re7 37. Nd4 Ree8 38. Nc6 Rb7 39. e7 Rd7 40. Rxd7 Nxd7 41. g4 Nf6 42. g5 Ng8 43. Re6 b5 44. Kf2 Kf7 45. Nd8+ Kg7 46. Nc6 Kf7 47. Nd8+ Kg7 48. Nc6 1/2-1/2

[Event "AUT-chT 1516"]
[Site "Austria"]
[Date "2016.02.27"]
[Round "7.6"]
[White "Zorko, Jure"]
[Black "Lehner, Oliver"]
[Result "1/2-1/2"]
[WhiteElo "2449"]
[BlackElo "2421"]
[PlyCount "103"]
[EventDate "2015.11.05"]
[EventType "team-tourn"]
[EventRounds "11"]
[EventCountry "AUT"]
[SourceTitle "EXT 2017"]
[Source "ChessBase"]
[SourceDate "2016.10.25"]
[SourceVersion "1"]
[SourceVersionDate "2016.10.25"]
[SourceQuality "1"]
[WhiteTeam "Raika Feffernitz"]
[BlackTeam "Jenbach"]
[WhiteTeamCountry "AUT"]
[BlackTeamCountry "AUT"]

1. e4 c5 2. Nf3 d6 3. Bb5+ Bd7 4. Bxd7+ Qxd7 5. 0-0 Nc6 6. Re1 Nf6 7. c3 e6 8. d4 cxd4 9. cxd4 d5 10. e5 Ne4 11. Nbd2 Nxd2 12. Bxd2 Be7 13. Rc1 0-0 14. Rc3 Bd8 15. Rd3 Rc8 16. h4 Bb6 17. a3 h6 18. Bf4 f6 19. exf6 Rxf6 20. Ne5 Qe8 21. Bg3 Bc7 22. Ng4 Rf7 23. Rde3 Re7 24. Bxc7 Rcxc7 25. h5 Kh8 26. Ne5 Nxe5 27. Rxe5 Qf7 28. R1e3 Rc6 29. Rf3 Qe8 30. Qe2 Kg8 31. Rfe3 Qd8 32. g3 Rd6 33. Rxe6 Rexe6 34. Rxe6 Rxe6 35. Qxe6+ Kh8 36. Kg2 a5 37. b4 a4 38. b5 b6 39. f4 Kh7 40. Kh3 Kh8 41. Qc6 Kh7 42. Qc2+ Kh8 43. Qxa4 Qe8 44. Qd1 Qxb5 45. Qf3 Qc4 46. Qe3 Qf1+ 47. Kh2 Qd1 48. Qe5 Qf3 49. Qe8+ Kh7 50. Qg6+ Kh8 51. Qe8+ Kh7 52. Qg6+ 1/2-1/2

[Event "Nova Gorica op 21st"]
[Site "Nova Gorica"]
[Date "2016.01.31"]
[Round "5"]
[White "Zorko, Jure"]
[Black "Dastan, Batuhan Muhammed"]
[Result "1/2-1/2"]
[WhiteElo "2466"]
[BlackElo "2474"]
[PlyCount "26"]
[EventDate "2016.01.29"]
[EventType "swiss"]
[EventRounds "9"]
[EventCountry "SLO"]
[SourceTitle "CBM 170 Extra"]
[Source "ChessBase"]
[SourceDate "2016.02.25"]
[SourceVersion "1"]
[SourceVersionDate "2016.02.25"]
[SourceQuality "1"]

1. d4 d5 2. c4 dxc4 3. Nf3 Nf6 4. e3 e6 5. Bxc4 c5 6. 0-0 a6 7. dxc5 Bxc5 8. Qxd8+ Kxd8 9. Nbd2 Ke7 10. Be2 Bd7 11. Nb3 Bd6 12. Na5 b6 13. Nc4 Bb5 1/2-1/2